000 00463nam a2200181Ia 4500
003 OSt
005 20251119103818.0
008 210210b1930 xxu||||| |||| 00| 0 eng d
040 _cAL
041 _akan
082 _a851/136
100 _aGOVINDA (Pai)
_9159118
_dಗೋವಿಂದ (ಪೈ)
245 _aGilivindu:
_bಗಿಳಿವಿಂಡು
260 _aMangalore
_b-
_c1930
690 _aKannada Poetry
_9159119
906 _a018152
942 _2ddc
_cBK
999 _c141278
_d141278